Global Business Today (Record no. 6823)

MARC details
005 - DATE AND TIME OF LATEST TRANSACTION
control field 20260314081419.0
020 ## - INTERNATIONAL STANDARD BOOK NUMBER
International Standard Book Number 9781266932595
100 ## - MAIN ENTRY--PERSONAL NAME
Author name HILL,C
245 ## - TITLE STATEMENT
Title Global Business Today
260 ## - PUBLICATION, DISTRIBUTION, ETC.
Place of publication, distribution, etc. New york
Name of publisher, distributor, etc. Mcgraw Hill
Date of publication, distribution, etc. 2024
300 ## - PHYSICAL DESCRIPTION
Extent xxii,586p;ill;graph, picture
Other physical details Index
Dimensions 27cm
942 ## - ADDED ENTRY ELEMENTS (KOHA)
Source of classification or shelving scheme Dewey Decimal Classification
Koha item type Books

No items available.